00752nam a22002297a 4500003000500000005001700005008004100022010001000063011001000073035001000083040000900093100002900102245009700131260004000228300002200268502010800290650001700398650001600415650003200431650003500463650002400498CHAP20220329133844.0971013s1977 r 00010 d a11836 a12808 a16505 cCHAP00aRegalado Ortiz, Alfredo.1 aEvaluación del herbicida Suffix en el control de avena silvestre (Avena fatua L.) en trigo aChapingo, Méx. :bEl autor,c1977 a59 h.b: gráfs. aTesis (Ing. Agr. Esp. en Parasitología Agrícola) -- ENA. Departamento de Parasitología Agrícola14aAvena fatua.14aHerbicidas.14aMalas hierbasxCompetencia.14aTrigoxMalas hierbasxControl.14aTrigoxRendimiento.